Ethnic groups in Türkiye - Statistics

General Stats
  • This quiz has been taken 107 times
    54 since last reset
  • The average score is 18 of 45
Answer Stats
Family Population Ethnicity % Correct
Altaic (Turkic) 18.05 million Turk
96%
Indo-European (Iranic) 33 million Kurd
91%
Indo-European (Armenian) 60 k Armenian
76%
Indo-European (Albanian) 5 million Albanian
74%
Afroasiatic (Semitic) 4 million Arab
74%
Altaic (Turkic) 2.5 million Azerbaijani
74%
Caucasian (Kartvelian) 140 k Georgian
74%
Indo-European (Hellenic) 1.35 million Greek
74%
Indo-European (Slavic) 240 k Russian
67%
Indo-European (Slavic) 7 k Serb
63%
Indo-European (Slavic) 300 k Bulgarian
61%
Altaic (Turkic) 40 k Kazakh
61%
Indo-European (Indo-Aryan) 2.75 million Roma
61%
Altaic (Turkic) 420 k Uzbek
61%
Indo-European (Romance) 4 k Romanian
59%
Indo-European (Germanic) 45 k German
54%
Altaic (Turkic) 6 k Kyrgyz
54%
Caucasian (Vainakh) 120 k Chechen
41%
Caucasian (Kartvelian) 1.25 million Laz
39%
Indo-European (Slavic) 2.11 million Bosniak
35%
Indo-European (Iranic) 200 k Tajik
35%
Indo-European (Slavic) 4 k Polish
33%
Afroasiatic (Semitic) 25 k Assyrian
30%
Caucasian (Northeast) 50 k Avar
30%
Indo-European (Iranic) 60 k Ossetian
30%
Altaic (Turkic) 300 k Uyghur
30%
Caucasian (Northwest) 600 k Abkhaz
28%
Caucasian (Northwest) 4 million Adyghe
28%
Altaic (Turkic) 3.15 million Crimean Tatar
28%
Austronesian (Philippine) 5 k Filipino
26%
Indo-European (Iranic) 500 k Iranian
26%
Indo-European (Iranic) 100 k Pashtun
24%
Indo-European (Germanic) 15 k Dutch
17%
Caucasian (Northeast) 3 k Lezgin
15%
Indo-European (Slavic) 650 k Pomak
15%
Altaic (Turkic) 10 k Kumyk
13%
Altaic (Turkic)Nilo-Saharan (Eastern Sudanic) 20 k Afro-Turk
11%
Caucasian (Northwest) 2 million Kabardian
11%
Afroasiatic (Semitic)Indo-European (Romance) 14 k Sephardim
11%
Caucasian (Northwest) 78 k Abaza
7%
Altaic (Turkic)Indo-European (Armenian) 3.09 million Hemshin
7%
Indo-European (Germanic) 12 k Australian
4%
Altaic (Turkic) 20 k Karachay-Balkar
2%
Altaic (Turkic) 150 k Volga Tatar
2%
Indo-European (Germanic) 30 k Briton
0%
No matching quizzes found
Score Distribution
Percent of People with Each Score
Percentile by Number Answered
Your Score History
You have not taken this quiz since the last reset